| 000 | 00499nam a2200157 i 4500 | ||
|---|---|---|---|
| 001 | 35900 | ||
| 003 | ES-MaACL | ||
| 005 | 20230906155235.0 | ||
| 007 | t| | ||
| 008 | 030214s1933 gw ||||1| ger d | ||
| 100 | 1 |
_aBrehm, Bruno. _931561 |
|
| 245 | 1 | 0 |
_aWeder kaiser noch König _b: der untergang der Habsburgischen monarchie / _cBruno Brehm. |
| 260 |
_aMünchen : _bR. Piper und Cº, _c[1933] ( _eLeipzig : _fS. Spamer Druck) |
||
| 300 |
_a594 p. ; _c19 cm. |
||
| 852 |
_aES-MaACL _jF-15532 _bR.19141 |
||
| 999 |
_c35900 _d35900 |
||